Central Library OPAC University of Rajshahi

The chemistry of organic medicinal products / (Record no. 10320)

MARC details
000 -LEADER
fixed length control field 00781cam a22002771 4500
001 - CONTROL NUMBER
control field 10320
003 - CONTROL NUMBER IDENTIFIER
rucl marc code BD-RjUL
005 - DATE AND TIME OF LATEST TRANSACTION
control field 20211208234932.0
008 - FIXED-LENGTH DATA ELEMENTS--GENERAL INFORMATION
fixed length control field 140123s1957 nyua 001 0 eng
035 ## - SYSTEM CONTROL NUMBER
System control number (BD-RjUL)10368
System control number (OCoLC)831412
040 ## - CATALOGING SOURCE
Original cataloging agency DLC
Transcribing agency OTMC
Modifying agency BD-RjUL
Language of cataloging eng
041 ## - LANGUAGE CODE
Language code of text/sound track or separate title eng
082 ## - DEWEY DECIMAL CLASSIFICATION NUMBER
Classification number 615.3
Author mark and year CHE 1957
245 14 - TITLE STATEMENT
Title The chemistry of organic medicinal products /
Statement of responsibility, etc. [by] Glenn L. Jenkins ... [et all.]
250 ## - EDITION STATEMENT
Edition statement 4th ed.
260 ## - PUBLICATION, DISTRIBUTION, ETC. (IMPRINT)
Place of publication, distribution, etc. New York :
Name of publisher, distributor, etc. Wiley,
Date of publication, distribution, etc. c1957.
300 ## - PHYSICAL DESCRIPTION
Pagination x, 569 p.
Illustrations illus.
Size 25 cm.
504 ## - BIBLIOGRAPHY, ETC. NOTE
Bibliography, etc Includes index.
650 #0 - SUBJECT ADDED ENTRY--TOPICAL TERM
Topical term or geographic name as entry element Pharmaceutical chemistry.
9 (RLIN) 31881
Topical term or geographic name as entry element Chemistry, Organic.
9 (RLIN) 31882
700 1# - ADDED ENTRY--PERSONAL NAME
Personal name Jenkins, Glenn L.
942 ## - ADDED ENTRY ELEMENTS (KOHA)
Source of classification or shelving scheme Dewey Decimal Classification
Koha item type Books
Holdings
Lost status Source of classification or shelving scheme Damaged status Not for loan Collection code Permanent Location Current Location Shelving location Date acquired Source of acquisition Cost, normal purchase price Total Checkouts Full call number Date last seen Copy number Koha item type
  Dewey Decimal Classification     Non-fiction Central Library, University of Rajshahi Central Library, University of Rajshahi   11/11/2067 Zeitlinger 83.00   615.3 CHE 1957 23/01/2014 C-12 Books
  Dewey Decimal Classification   Not For Loan Non-fiction Central Library, University of Rajshahi Central Library, University of Rajshahi Reading Room 30/11/1965 Zeitlinger 83.00   615.3 CHE 1957 14/05/2017 C-1 Books
  Dewey Decimal Classification     Non-fiction Central Library, University of Rajshahi Central Library, University of Rajshahi   08/12/2021 Zeitlinger 83.00   615.3 CHE 1957 14/05/2017 C-2 Books
  Dewey Decimal Classification     Non-fiction Central Library, University of Rajshahi Central Library, University of Rajshahi   23/05/2010 Zeitlinger 105.00   615.3 CHE 1957 14/05/2017 C-3 Books
  Dewey Decimal Classification     Non-fiction Central Library, University of Rajshahi Central Library, University of Rajshahi   24/10/1970 Sweets & Zeitlinger 105.00   615.3 CHE 1957 14/05/2017 C-4 Books
  Dewey Decimal Classification     Non-fiction Central Library, University of Rajshahi Central Library, University of Rajshahi   30/11/1965 Zeitlinger 83.00   615.3 CHE 1957 14/05/2017 C-5 Books
  Dewey Decimal Classification     Non-fiction Central Library, University of Rajshahi Central Library, University of Rajshahi   30/11/1965 Zeitlinger 83.00   615.3 CHE 1957 14/05/2017 C-6 Books
  Dewey Decimal Classification     Non-fiction Central Library, University of Rajshahi Central Library, University of Rajshahi   30/11/1965 Zeitlinger 83.00   615.3 CHE 1957 14/05/2017 C-7 Books
  Dewey Decimal Classification     Non-fiction Central Library, University of Rajshahi Central Library, University of Rajshahi   30/11/1965 Zeitlinger 83.00   615.3 CHE 1957 14/05/2017 C-8 Books
  Dewey Decimal Classification     Non-fiction Central Library, University of Rajshahi Central Library, University of Rajshahi   05/08/1970 Zeitlinger 105.00   615.3 CHE 1957 14/05/2017 C-9 Books